First Names of Archbishops of Canterbury - Statistics

General Stats
  • This quiz has been taken 11 times
  • The average score is 47 of 106
Answer Stats
# Name Archbishop of Canterbury % Correct
89th Charles I Charles Manners-Sutton
100%
92nd Charles II Charles Longley
100%
38th William I William de Corbeil
100%
57th William II William Whittlesey
100%
59th William III William Courtenay
100%
68th William IV William Warham
100%
90th William IX William Howley
100%
76th William V William Laud
100%
77th William VI William Juxon
100%
79th William VII William Sancroft
100%
82nd William VIII William Wake
100%
97th William X Cosmo Gordon Lang
100%
98th William XI William Temple
100%
49th John I John Peckham
90%
53rd John II John de Stratford
90%
63rd John III John Stafford
90%
64th John IV John Kemp
90%
88th John IX John Moore
90%
66th John V John Morton
90%
73rd John VI John Whitgift
90%
80th John VII John Tillotson
90%
83rd John VIII John Potter
90%
91st John X John Bird Sumner
90%
40th Thomas I Thomas Becket
90%
54th Thomas II Thomas Bradwardine
90%
60th Thomas III Thomas Arundel
90%
65th Thomas IV Thomas Bourchier
90%
69th Thomas V Thomas Cranmer
90%
81st Thomas VI Thomas Tenison
90%
84th Thomas VII Thomas Herring
90%
86th Thomas VIII Thomas Secker
90%
100th Arthur Michael Ramsey
80%
94th Edward Edward White Benson
80%
75th George I George Abbot
80%
103rd George II George Carey
80%
33rd Robert I Robert of Jumièges
80%
48th Robert II Robert Kilwardby
80%
50th Robert III Robert Winchelsey
80%
102nd Robert IV Robert Runcie
80%
62nd Henry I Henry Chichele
70%
67th Henry II Henry Deane
70%
41st Richard I Richard of Dover
70%
45th Richard II Richard le Grant
70%
74th Richard III Richard Bancroft
70%
87th Frederick I Frederick Cornwallis
50%
95th Frederick II Frederick Temple
50%
101st Frederick III Donald Coggan
50%
71st Matthew I Matthew Parker
50%
85th Matthew II Matthew Hutton
50%
44th Stephen Stephen Langton
50%
99th Geoffrey Geoffrey Fisher
40%
105th Justin Justin Welby
40%
106th Sarah Sarah Mullally
30%
93rd Archibald Archibald Campbell Tait
20%
11th Cuthbert Cuthbert of Canterbury
20%
46th Edmund I Edmund of Abingdon
20%
72nd Edmund II Edmund Grindal
20%
4th Justus Justus
20%
2nd Laurence Laurence of Canterbury
20%
96th Randall Randall Davidson
20%
61st Roger Roger Walden
20%
104th Rowan Rowan Williams
20%
7th Theodore Theodore of Tarsus
20%
51st Walter Walter Reynolds
20%
30th Ælfstan Lyfing
10%
18th Æthelred Æthelred
10%
20th Athelm Athelm
10%
1st Augustine Augustine of Canterbury
10%
42nd Baldwin Baldwin of Forde
10%
12th Bregowine Bregowine
10%
6th Deusdedit Deusdedit of Canterbury
10%
78th Gilbert Gilbert Sheldon
10%
5th Honorius Honorius of Canterbury
10%
35th Lanfranc Lanfranc
10%
3rd Mellitus Mellitus
10%
22nd Oda Oda of Canterbury
10%
37th Ralph Ralph d'Escures
10%
70th Reginald Reginald Pole
10%
52nd Simon I Simon Mepeham
10%
55th Simon II Simon Islip
10%
56th Simon III Simon Langham
10%
58th Simon IV Simon Sudbury
10%
29th Ælfheah Ælfheah of Canterbury
0%
28th Ælfric Ælfric of Abingdon
0%
23rd Ælfsige Ælfsige
0%
26th Æthelgar Æthelgar
0%
14th Æthelhard Æthelhard
0%
31st Æthelnoth Æthelnoth
0%
36th Anselm Anselm of Canterbury
0%
8th Berhtwald Berhtwald
0%
47th Boniface Boniface of Savoy
0%
24th Byrhthelm Byrhthelm
0%
17th Ceolnoth Ceolnoth
0%
25th Dunstan Dunstan
0%
32nd Eadsige Eadsige
0%
16th Feologild Feologild
0%
43rd Hubert Hubert Walter
0%
13th Jænberht Jænberht
0%
10th Nothhelm Nothhelm
0%
19th Plegmund Plegmund
0%
27th Sigeric Sigeric
0%
34th Stigand Stigand
0%
9th Tatwine Tatwine
0%
39th Theobald Theobald of Bec
0%
21st Wulfhelm Wulfhelm
0%
15th Wulfred Wulfred
0%
No matching quizzes found
Score Distribution
Percent of People with Each Score
Percentile by Number Answered
Your Score History
You have not taken this quiz